00409nam a2200145Ia 4500008004100000082001000041100004200051245002300093260000900116300000800125600004200133630002300175700004200198730002300240090711s9999 xx 000 0 und d b71067 aमाडगुळकर ग. दि. aजोगिया c1993 a167 aमाडगुळकर ग. दि. aजोगिया aमाडगुळकर ग. दि. aजोगिया